[Event "Pindamonhangaba Rezende Memorial"]
[White "Salles, Henrique"]
[Black "Seccafim, Caic Dos Santos"]
[Site "Pindamonhangaba"]
[Round "1"]
[Result "0-1"]
[Date "2023.08.04"]
[WhiteElo "1442"]
[BlackElo "1984"]
[PlyCount "86"]
[EventDate "2023.08.04"]
[EventType "swiss"]
[EventRounds "6"]
[EventCountry "BRA"]
[SourceTitle "CBM 215 Extra"]
[Source "ChessBase"]
[SourceDate "2023.09.30"]
[SourceVersion "1"]
[SourceVersionDate "2023.09.30"]
[SourceQuality "1"]

1. c4 Nf6 2. Nf3 g6 3. Nc3 Bg7 4. g3 0-0 5. Bg2 d6 6. d4 Nbd7 7. 0-0 e5 8. d5 a5 9. Ne1 Ne8 10. e4 h5 11. f4 h4 12. f5 Nb6 13. g4 g5 14. b3 a4 15. Rb1 Bd7 16. Be3 axb3 17. axb3 Ra6 18. Nc2 Bh6 19. Qd2 Kh8 20. f6 Rg8 21. h3 Rg6 22. Ne1 Nxf6 23. Nf3 Nh7 24. Nxh4 Rg7 25. Nf5 Bxf5 26. Rxf5 f6 27. Rbf1 Nc8 28. h4 Ne7 29. R5f2 Ng6 30. hxg5 fxg5 31. Bf3 Nf4 32. Rh2 Rg6 33. Kf2 Kg7 34. Rfh1 Ra3 35. Na4 Rxb3 36. Qc2 Ra3 37. Nc3 Nf6 38. Rb1 b6 39. Bxf4 gxf4 40. Rg1 Nh7 41. g5 Nxg5 42. Bh5 Rxc3 43. Qe2 Re3 0-1

[Event "Sao Jose dos Campos op"]
[White "Salles, Henrique"]
[Black "Nobre, Jailson Altair Barb"]
[Site "Sao Jose dos Campos"]
[Round "3"]
[Result "1/2-1/2"]
[Date "2023.05.27"]
[WhiteElo "1419"]
[BlackElo "1625"]
[PlyCount "74"]
[EventDate "2023.05.26"]
[EventType "swiss"]
[EventRounds "5"]
[EventCountry "BRA"]
[SourceTitle "CBM 214 Extra"]
[Source "ChessBase"]
[SourceDate "2023.07.31"]
[SourceVersion "1"]
[SourceVersionDate "2023.07.31"]
[SourceQuality "1"]

1. c4 e5 2. g3 Nf6 3. Bg2 d6 4. Nc3 g6 5. Nf3 Bg7 6. d3 Nbd7 7. 0-0 0-0 8. Bd2 c6 9. Qc1 Nc5 10. b4 Ne6 11. Rb1 Re8 12. Ng5 Nxg5 13. Bxg5 Qc7 14. Bxf6 Bxf6 15. Ne4 Bg7 16. c5 d5 17. Nd6 Rd8 18. b5 Bf8 19. bxc6 bxc6 20. Nxc8 Raxc8 21. Qa3 Rb8 22. Rb3 Rxb3 23. axb3 Rb8 24. Ra1 Rb5 25. b4 a5 26. bxa5 Bxc5 27. Qa4 Qa7 28. e3 Bb4 29. Rb1 Qxa5 30. Qxa5 Bxa5 31. Rxb5 cxb5 32. Bxd5 Bc3 33. Kf1 Kf8 34. Ke2 f6 35. Kd1 Ke7 36. f4 exf4 37. gxf4 f5 1/2-1/2

[Event "Pindamonhangaba op 7th"]
[White "Salles, Henrique"]
[Black "Pironti, Francisco Ferrari"]
[Site "Pindamonhangaba"]
[Round "5"]
[Result "0-1"]
[Date "2023.03.26"]
[WhiteElo "1368"]
[BlackElo "1954"]
[PlyCount "74"]
[EventDate "2023.03.24"]
[EventType "swiss"]
[EventRounds "5"]
[EventCountry "BRA"]
[SourceTitle "CBM 213 Extra"]
[Source "ChessBase"]
[SourceDate "2023.05.31"]
[SourceVersion "1"]
[SourceVersionDate "2023.05.31"]
[SourceQuality "1"]

1. c4 e5 2. g3 Nf6 3. Bg2 Nc6 4. Nf3 d5 5. cxd5 Nxd5 6. Nc3 Nb6 7. d3 Be7 8. 0-0 0-0 9. Qc2 Be6 10. a3 a5 11. Ne4 f6 12. Be3 Nd5 13. Bc5 b6 14. Bxb6 Nxb6 15. Qxc6 Bd5 16. Qc2 Rc8 17. Nfd2 f5 18. Nc3 Be6 19. Nf3 Bf6 20. Rac1 Qd7 21. Rfd1 Qf7 22. Qd2 Bb3 23. Re1 Rcd8 24. Qe3 Rfe8 25. Qc5 e4 26. dxe4 fxe4 27. Ng5 Qg6 28. Ngxe4 Bd4 29. Qxc7 Rf8 30. e3 Rd7 31. Qxd7 Nxd7 32. exd4 Qb6 33. d5 Ne5 34. Re3 Bc4 35. Na4 Qd4 36. Nac5 Rxf2 37. Nxf2 Qxe3 0-1

[Event "Taubate op 3rd"]
[White "Salles, Henrique"]
[Black "Takayama, Alex"]
[Site "Taubate"]
[Round "5"]
[Result "1-0"]
[Date "2022.12.04"]
[WhiteElo "1341"]
[BlackElo "1321"]
[PlyCount "81"]
[EventDate "2022.12.01"]
[EventType "swiss"]
[EventRounds "6"]
[EventCountry "BRA"]
[SourceTitle "CBM 211 Extra"]
[Source "ChessBase"]
[SourceDate "2023.01.31"]
[SourceVersion "1"]
[SourceVersionDate "2023.01.31"]
[SourceQuality "1"]

1. c4 Nf6 2. Nf3 e6 3. b3 d5 4. Bb2 c5 5. e3 Be7 6. Be2 Nc6 7. d4 cxd4 8. Nxd4 Bb4+ 9. Bc3 Bxc3+ 10. Nxc3 Qa5 11. Qd2 0-0 12. 0-0 e5 13. Nxc6 bxc6 14. Rfd1 Be6 15. Nxd5 Qxd2 16. Nxf6+ gxf6 17. Rxd2 Rfd8 18. Rad1 Rxd2 19. Rxd2 Rc8 20. f4 Kf8 21. g4 Ke7 22. f5 Bd7 23. Kf2 c5 24. Bf3 a5 25. Bd5 Rb8 26. Kf3 a4 27. Rd3 Rb6 28. Bxf7 axb3 29. axb3 h6 30. Bd5 Ra6 31. Rd2 Rb6 32. Ra2 Rxb3 33. Ra5 Rb2 34. Rxc5 Rxh2 35. e4 Rh3+ 36. Kg2 Ra3 37. Rc7 Kd6 38. Rb7 Ra2+ 39. Kh3 Ra3+ 40. Kh4 Ra1 41. c5+ 1-0

[Event "Sao Jose dos Campos op"]
[White "Salles, Henrique"]
[Black "Jenidarchiche, Douglas Rodrigo"]
[Site "Sao Jose dos Campos"]
[Round "2"]
[Result "0-1"]
[Date "2022.09.09"]
[WhiteElo "1260"]
[BlackElo "1826"]
[PlyCount "97"]
[EventDate "2022.09.08"]
[EventType "swiss"]
[EventRounds "7"]
[EventCountry "BRA"]
[SourceTitle "CBM 210 Extra"]
[Source "ChessBase"]
[SourceDate "2022.11.30"]
[SourceVersion "1"]
[SourceVersionDate "2022.11.30"]
[SourceQuality "1"]

1. c4 Nf6 2. Nf3 e6 3. g3 d5 4. cxd5 exd5 5. d4 Be7 6. Bg2 0-0 7. Nc3 c6 8. 0-0 Bf5 9. Nh4 Be6 10. Qc2 Re8 11. a3 Nbd7 12. Nf5 Bf8 13. Ne3 Rc8 14. b4 Nb6 15. Rd1 Ng4 16. Nxg4 Bxg4 17. f3 Bh5 18. Bh3 Rc7 19. Bf5 Bg6 20. Bxg6 hxg6 21. e4 dxe4 22. fxe4 Rd7 23. Be3 Be7 24. e5 Nd5 25. Bf2 Bg5 26. Nxd5 Rxd5 27. h4 Be7 28. Re1 Qc8 29. Qe4 Bd8 30. Rac1 Qd7 31. Rc5 Bb6 32. Rxd5 cxd5 33. Qe3 Qe6 34. Rc1 f6 35. Re1 fxe5 36. Qxe5 Qxe5 37. dxe5 Bxf2+ 38. Kxf2 Kf7 39. Kf3 Ke6 40. Ke3 Rc8 41. Kd3 Rc4 42. Re3 b5 43. Re1 a6 44. Re3 Rg4 45. Ke2 d4 46. Rd3 Kxe5 47. Kf3 Re4 48. g4 Kd5 49. g5 0-1

[Event "Sao Jose dos Campos op"]
[White "Salles, Henrique"]
[Black "Santos, Abel Cardoso Dos"]
[Site "Sao Jose dos Campos"]
[Round "1"]
[Result "1-0"]
[Date "2022.09.08"]
[WhiteElo "1260"]
[BlackElo "1826"]
[PlyCount "85"]
[EventDate "2022.09.08"]
[EventType "swiss"]
[EventRounds "7"]
[EventCountry "BRA"]
[SourceTitle "CBM 210 Extra"]
[Source "ChessBase"]
[SourceDate "2022.11.30"]
[SourceVersion "1"]
[SourceVersionDate "2022.11.30"]
[SourceQuality "1"]

1. c4 Nf6 2. Nf3 g6 3. g3 Bg7 4. Bg2 d6 5. Nc3 e5 6. e4 0-0 7. d4 Nbd7 8. d5 Nc5 9. Qc2 a5 10. a3 h6 11. Be3 b6 12. 0-0 Ng4 13. Bxc5 bxc5 14. b4 axb4 15. axb4 Rxa1 16. Rxa1 cxb4 17. Na2 b3 18. Qxb3 f5 19. Nc3 Bd7 20. Ra7 Nf6 21. Nd2 Kh7 22. Qb7 Ne8 23. Nb5 Bxb5 24. cxb5 Qg5 25. Nb3 f4 26. b6 cxb6 27. Qxb6 Qh5 28. Na5 fxg3 29. hxg3 Qd1+ 30. Bf1 Qe1 31. Nc4 Qxe4 32. Nxd6 Qxd5 33. Nxe8 Rxe8 34. Qc7 Qg8 35. Bd3 e4 36. Bb1 Rb8 37. Qf4 Qe6 38. Bxe4 Re8 39. Qc7 Qf6 40. Qc2 h5 41. Ra5 Kh8 42. Bxg6 Re5 43. Rxe5 1-0

[Event "Sao Jose dos Campos op 3rd"]
[White "Salles, Henrique"]
[Black "Costa, Iaggo Bernini"]
[Site "Sao Jose dos Campos"]
[Round "3"]
[Result "0-1"]
[Date "2021.08.21"]
[WhiteElo "1247"]
[BlackElo "1567"]
[PlyCount "102"]
[EventDate "2021.08.21"]
[EventType "swiss"]
[EventRounds "5"]
[EventCountry "BRA"]
[SourceTitle "CBM 204 Extra"]
[Source "ChessBase"]
[SourceDate "2021.11.30"]
[SourceVersion "1"]
[SourceVersionDate "2021.11.30"]
[SourceQuality "1"]

1. e4 e5 2. Nf3 Nf6 3. Nc3 Bb4 4. Nxe5 Qe7 5. Nf3 Bxc3 6. bxc3 Nxe4 7. Be2 0-0 8. 0-0 d5 9. Re1 Qc5 10. Nd4 Nc6 11. Bb2 Nxd4 12. cxd4 Qb4 13. Qc1 Qxd2 14. Qxd2 Nxd2 15. Bd3 Nc4 16. Bxc4 dxc4 17. Re2 c6 18. c3 Rb8 19. Rae1 Be6 20. Ba3 Rfe8 21. Rc2 Bd5 22. Rce2 Rxe2 23. Rxe2 h6 24. Kf1 a5 25. Bd6 Rd8 26. Bc7 Rc8 27. a3 a4 28. Bb6 Rb8 29. f3 Kf8 30. Bc5+ Kg8 31. Bb6 f6 32. Kf2 Kh7 33. g4 f5 34. gxf5 Rf8 35. Re5 Rf7 36. Bd8 b5 37. Bc7 g6 38. fxg6+ Kxg6 39. Re3 Kg5 40. Kg3 h5 41. h4+ Kg6 42. f4 Rg7 43. Re5 Kh6+ 44. Rg5 Re7 45. Kf2 Re4 46. Kg3 Re3+ 47. Kh2 Rf3 48. f5 Rf4 49. Kh3 Be4 50. Kg3 Rf3+ 51. Kh2 Bxf5 0-1

[Event "Jacarei op 2nd"]
[White "Salles, Henrique"]
[Black "Claro, Yasmin Cabral"]
[Site "Jacarei"]
[Round "3"]
[Result "0-1"]
[Date "2019.07.27"]
[WhiteElo "1167"]
[BlackElo "1800"]
[PlyCount "62"]
[EventDate "2019.07.26"]
[EventType "swiss"]
[EventRounds "6"]
[EventCountry "BRA"]
[SourceTitle "CBM 191 Extra"]
[Source "ChessBase"]
[SourceDate "2019.09.30"]
[SourceVersion "1"]
[SourceVersionDate "2019.09.30"]
[SourceQuality "1"]

1. d4 e6 2. c4 Nf6 3. Nc3 Bb4 4. Bf4 d6 5. e3 b6 6. Nf3 Bb7 7. Bd3 Nbd7 8. a3 Bxc3+ 9. bxc3 0-0 10. Ng5 g6 11. Nf3 Re8 12. Bg3 e5 13. dxe5 dxe5 14. Bc2 Qe7 15. Ba4 c6 16. Qb3 Nc5 17. Qb4 Nd3+ 18. Ke2 Nxb4 19. axb4 Ne4 20. Bb3 Red8 21. c5 bxc5 22. Ra5 Nxc3+ 23. Ke1 Ne4 24. Nxe5 cxb4 25. Bf4 Rd2 26. f3 Rb2 27. Bc4 Rb1+ 28. Ke2 Rxh1 29. fxe4 Qd6 30. Bxf7+ Kg7 31. Nd3 Qd7 0-1

[Event "Jacarei op 2nd"]
[White "Salles, Henrique"]
[Black "Seccafim, Caic Dos Santos"]
[Site "Jacarei"]
[Round "1"]
[Result "0-1"]
[Date "2019.07.26"]
[WhiteElo "1167"]
[BlackElo "1833"]
[PlyCount "48"]
[EventDate "2019.07.26"]
[EventType "swiss"]
[EventRounds "6"]
[EventCountry "BRA"]
[SourceTitle "CBM 191 Extra"]
[Source "ChessBase"]
[SourceDate "2019.09.30"]
[SourceVersion "1"]
[SourceVersionDate "2019.09.30"]
[SourceQuality "1"]

1. d4 Nf6 2. c4 c5 3. Nc3 cxd4 4. Qxd4 Nc6 5. Qd1 g6 6. Nf3 Bg7 7. Bf4 d6 8. h3 Qa5 9. Qd3 Bf5 10. Qd1 Ne4 11. Bd2 Nxc3 12. Qc1 Nxa2 13. Bxa5 Nxc1 14. Rxc1 Nxa5 15. e3 Bxb2 16. Rd1 Bc3+ 17. Ke2 Rc8 18. Rd5 Rc5 19. Rxc5 dxc5 20. Kd1 0-0 21. Nh4 Rd8+ 22. Ke2 Be4 23. Nf3 Bd3+ 24. Kd1 Bb2 0-1

[Event "Benedicto Montenegro U1600 2nd"]
[White "Salles, Henrique"]
[Black "Claro, Yasmin Cabral"]
[Site "Taubate/Sao Paulo"]
[Round "4"]
[Result "1-0"]
[Date "2019.05.04"]
[WhiteElo "1800"]
[BlackElo "1800"]
[PlyCount "143"]
[EventDate "2019.05.04"]
[EventType "tourn"]
[EventRounds "9"]
[EventCountry "BRA"]
[SourceTitle "CBM 195 Extra"]
[Source "ChessBase"]
[SourceDate "2020.05.31"]
[SourceVersion "1"]
[SourceVersionDate "2020.05.31"]
[SourceQuality "1"]

1. d4 d5 2. c4 c6 3. Nc3 Nf6 4. Nf3 e6 5. Bf4 Nbd7 6. e3 Be7 7. Bd3 0-0 8. Qc2 g6 9. h3 b6 10. g4 b5 11. cxb5 cxb5 12. Nxb5 Ba6 13. Nc3 Bxd3 14. Qxd3 Rb8 15. Qc2 Bb4 16. a3 Ba5 17. Bxb8 Qxb8 18. Rb1 Rc8 19. Nd2 Nb6 20. Qb3 Nc4 21. Qxb8 Rxb8 22. b4 Nxd2 23. Kxd2 Bb6 24. Rhc1 Rd8 25. Na4 Ne4+ 26. Ke2 Nf6 27. Nxb6 axb6 28. Rc6 Nd7 29. Rd6 Kf8 30. Rc1 Ke7 31. Rdc6 h5 32. Rc7 hxg4 33. hxg4 Kf6 34. f4 g5 35. Kf3 Nf8 36. R1c6 Ng6 37. f5 Nh4+ 38. Kg3 Ra8 39. Rxb6 Rxa3 40. Kf2 Ra2+ 41. Kg3 Rg2+ 42. Kh3 Re2 43. Rc3 Rf2 44. Rcc6 Rf3+ 45. Kh2 Rxe3 46. fxe6 Nf3+ 47. Kg2 Nxd4 48. Kf2 Re2+ 49. Kf1 Re3 50. Kf2 Re2+ 51. Kf1 Re5 52. Rc7 fxe6 53. Rd7 Nf3 54. b5 d4 55. Kf2 Nh2 56. Rxd4 Nxg4+ 57. Rxg4 Kf5 58. Kf3 Rd5 59. Re4 Rd3+ 60. Re3 g4+ 61. Kf2 Rxe3 62. Kxe3 e5 63. Rd6 e4 64. Rd2 g3 65. Rg2 Kg4 66. Kxe4 Kh3 67. Kf3 Kh4 68. Rxg3 Kh5 69. Kf4 Kh6 70. Kf5 Kh7 71. Kf6 Kh6 72. Rh3# 1-0